Ensayos históricos hispanoamericanos / (Record no. 148328)

MARC details
000 -LEADER
campo de control de longitud fija 00999nam a2200217 4500
001 - NÚMERO DE CONTROL
campo de control 148328
003 - IDENTIFICADOR DE NÚMERO DE CONTROL
campo de control ES-MaACL
005 - FECHA Y HORA DE LA ÚLTIMA TRANSACCIÓN
campo de control 20230906202547.0
007 - CAMPO FIJO DE DESCRIPCIÓN FÍSICA--INFORMACIÓN GENERAL
campo de control de longitud fija t|
008 - DATOS DE LONGITUD FIJA--INFORMACIÓN GENERAL
campo de control de longitud fija 070214s1940 mx r ||||1| spa d
100 1# - ENTRADA PRINCIPAL--NOMBRE DE PERSONA
Nombre de persona Steck, Francisco Borgia.
9 (RLIN) 107973
245 10 - MENCIÓN DEL TÍTULO
Título Ensayos históricos hispanoamericanos /
Mención de responsabilidad, etc. Francisco Borgia Steck ; con una introducción de Alberto María Carreño.
260 ## - PUBLICACIÓN, DISTRIBUCIÓN, ETC.
Lugar de publicación, distribución, etc. México :
Nombre del editor, distribuidor, etc. Abside,
Fecha de publicación, distribución, etc. 1940.
300 ## - DESCRIPCIÓN FÍSICA
Extensión 74 p. ;
Dimensiones 22 cm.
505 8# - NOTA DE CONTENIDO CON FORMATO
Nota de contenido con formato Contiene: Serie 1 Juan Pablos, el Gutemberg americano. Serie 2 Los cincuenta primeros años de dominación española en México (1522-1527). Serie 3 Los colegios misioneros franciscanos en la América española
700 1# - ENTRADA AGREGADA--NOMBRE PERSONAL
Nombre de persona Carreño, Alberto María.
9 (RLIN) 35611
740 0# - ENTRADA AGREGADA--TÍTULO RELACIONADO/ANALÍTICO NO CONTROLADO
Título relacionado o analítico no controlado Juan Pablos, el Gutemberg americano.
740 0# - ENTRADA AGREGADA--TÍTULO RELACIONADO/ANALÍTICO NO CONTROLADO
Título relacionado o analítico no controlado Los cincuenta primeros años de dominación española en México (1522-1527)
740 0# - ENTRADA AGREGADA--TÍTULO RELACIONADO/ANALÍTICO NO CONTROLADO
Título relacionado o analítico no controlado Los colegios misioneros franciscanos en la América española.
852 ## - LOCALIZACIÓN
Ubicación ES-MaACL
Número de control de estantería 1883-F-5
Sublocalización o colección R.25811
Holdings
Estatus retirado Estado de pérdida Estado de daño No para préstamo Colección Biblioteca de origen Biblioteca actual Ubicación en estantería Fecha de adquisición Fuente de adquisición Total de préstamos Signatura topográfica completa Código de barras Visto por última vez Precio de reemplazo Tipo de ítem Koha
        Colección de folletos Biblioteca del Ateneo de Madrid Biblioteca del Ateneo de Madrid Depósito folletos 17/01/2008     1883-F-5 1154796 23/02/2023 23/02/2023 Folleto